| 000 | 00661nam a22001817a 4500 | ||
|---|---|---|---|
| 999 |
_c61846 _d61846 |
||
| 005 | 20240527112723.0 | ||
| 008 | 240527s2006 enk||||| |||| 00| 0 eng d | ||
| 020 | _a9780387330433x | ||
| 041 | _aeng | ||
| 080 | _a616.345-089+616.35-089 S-30 | ||
| 100 |
_aScott-Conner, Carol E.H. _922183 |
||
| 245 |
_aChassin's Operative Strategy in Colon and Rectal Surgery / _cCarol E.H. Scott-Conner |
||
| 264 |
_aNew York : _bSpringer, _c2006. |
||
| 300 |
_a284 p. : _bill.; _c29 cm. |
||
| 653 | _aმსხვილი ნაწლავის რექტალური ქირურგია | ||
| 653 | _aმედიცინა | ||
| 942 |
_2udc _cᲬᲘᲒᲜᲘ |
||